<?xml version='1.0' encoding='UTF-8'?><?xml-stylesheet href='static/style.xsl' type='text/xsl'?><OAI-PMH xmlns="http://www.openarchives.org/OAI/2.0/" xmlns:xsi="http://www.w3.org/2001/XMLSchema-instance" xsi:schemaLocation="http://www.openarchives.org/OAI/2.0/ http://www.openarchives.org/OAI/2.0/OAI-PMH.xsd"><responseDate>2026-06-06T23:25:37Z</responseDate><request verb="GetRecord" identifier="oai:ebiltegia.mondragon.edu:20.500.11984/14496" metadataPrefix="marc">https://ebiltegia.mondragon.edu/oai/request</request><GetRecord><record><header><identifier>oai:ebiltegia.mondragon.edu:20.500.11984/14496</identifier><datestamp>2026-06-05T06:15:34Z</datestamp><setSpec>com_20.500.11984_473</setSpec><setSpec>com_20.500.11984_14090</setSpec><setSpec>col_20.500.11984_478</setSpec></header><metadata><record xmlns="http://www.loc.gov/MARC21/slim" xmlns:dcterms="http://purl.org/dc/terms/" xmlns:xsi="http://www.w3.org/2001/XMLSchema-instance" xmlns:doc="http://www.lyncode.com/xoai" xsi:schemaLocation="http://www.loc.gov/MARC21/slim http://www.loc.gov/standards/marcxml/schema/MARC21slim.xsd">
   <leader>00925njm 22002777a 4500</leader>
   <datafield ind2=" " ind1=" " tag="042">
      <subfield code="a">dc</subfield>
   </datafield>
   <datafield ind2=" " ind1=" " tag="720">
      <subfield code="a">Abedrabbo Hazbun, Anibal Faruk</subfield>
      <subfield code="e">author</subfield>
   </datafield>
   <datafield ind2=" " ind1=" " tag="720">
      <subfield code="a">Abolghasem, Sepideh</subfield>
      <subfield code="e">author</subfield>
   </datafield>
   <datafield ind2=" " ind1=" " tag="720">
      <subfield code="a">Madariaga, Aitor</subfield>
      <subfield code="e">author</subfield>
   </datafield>
   <datafield ind2=" " ind1=" " tag="720">
      <subfield code="a">Aguirre, Aitor</subfield>
      <subfield code="e">author</subfield>
   </datafield>
   <datafield ind2=" " ind1=" " tag="720">
      <subfield code="a">Fernandez Manchado, Raul</subfield>
      <subfield code="e">author</subfield>
   </datafield>
   <datafield ind2=" " ind1=" " tag="720">
      <subfield code="a">ARRAZOLA, PEDRO JOSE</subfield>
      <subfield code="e">author</subfield>
   </datafield>
   <datafield ind2=" " ind1=" " tag="260">
      <subfield code="c">2026</subfield>
   </datafield>
   <datafield ind2=" " ind1=" " tag="520">
      <subfield code="a">This research addresses the complexities inherent in grinding operations, aiming to identify the most effective process parameters and predict the behavior of the workpiece surface condition. This task is particularly challenging due to the difficulty of achieving smooth surfaces and complex, nonlinear interactions between input factors such as grinding conditions and cooling system type, and output factors such as surface roughness. These challenges are further intensified when considering additional elements, such as grinding wheel wear and advanced cryogenic lubricants or coolants. To address these issues, this study advances beyond traditional modeling methods, such as General Linear Regression or Random Forest models, to explore novel distributional modeling techniques, including General Additive Models for Shape and Scale and Distributional Random Forest. These advanced models are designed to elucidate the intricate connections between input factors and their corresponding outputs, mainly focusing on predicting the distribution of surface roughness profiles. The enhanced accuracy of these models (predictive error decreasing at around 7% and 24%) is instrumental in determining the most effective process parameters. These models offer deeper insights into the interdependencies in grinding operations, enabling more precise process control. Additionally, these models shed light on the potential improvements in surface profile quality achieved by implementing cryogenic techniques, opening new paths for optimization in grinding operations.</subfield>
   </datafield>
   <datafield ind1="8" ind2=" " tag="024">
      <subfield code="a">0268-3768</subfield>
   </datafield>
   <datafield ind1="8" ind2=" " tag="024">
      <subfield code="a">https://katalogoa.mondragon.edu/janium-bin/janium_login_opac.pl?find&amp;ficha_no=201245</subfield>
   </datafield>
   <datafield ind1="8" ind2=" " tag="024">
      <subfield code="a">https://hdl.handle.net/20.500.11984/14496</subfield>
   </datafield>
   <datafield tag="653" ind2=" " ind1=" ">
      <subfield code="a">Cryogenic grinding</subfield>
   </datafield>
   <datafield tag="653" ind2=" " ind1=" ">
      <subfield code="a">Surface roughness profile</subfield>
   </datafield>
   <datafield tag="653" ind2=" " ind1=" ">
      <subfield code="a">Distributional modeling</subfield>
   </datafield>
   <datafield ind2="0" ind1="0" tag="245">
      <subfield code="a">Ensemble modeling of surface roughness in the cryogenic LN2 grinding process</subfield>
   </datafield>
</record></metadata></record></GetRecord></OAI-PMH>